| 000 | 01070nam0a2200277 4500 | ||
|---|---|---|---|
| 001 | RU\NLR\bibl\1288183 | ||
| 005 | 20260406174630.0 | ||
| 035 | _a(NLR Aleph) 001273886 | ||
| 090 |
_a456282 _c456282 |
||
| 100 | _a20081024d1996 |||y0rusy50 ca | ||
| 101 | 0 | _arus | |
| 102 | _aRU | ||
| 105 | _ay ||||||||| | ||
| 200 | 1 |
_aУсловия поставки во внешнеторговых контрактах ИНКОТЕРМС-90 _fКосультац.-юрид. фирма "Инфоюрсервис" |
|
| 210 |
_aМосква _c[б.и.] _d1996 |
||
| 215 |
_a90 c. _d20 |
||
| 605 |
_a"Инкотермс", свод правил _92131221 _3RU\NLR\auth\661285720 |
||
| 606 | 1 |
_aВнешнеторговые сделки _yРоссийская Федерация _92316189 _3RU\NLR\auth\661385913 |
|
| 686 | _aХ916.14 | ||
| 686 | _aУ43(0)-803.4 | ||
| 712 | 0 | 2 |
_4570 _a"Инфоюрсервис", фирма _cМосква _3RU\NLR\AUTH\889942719 _9380446 |
| 801 | 0 |
_aRU _bNLR _c20081024 _gRCR |
|
| 801 | 1 |
_aRU _bNLR _c20081024 |
|
| 942 | _cBOOK | ||
| 980 | _aNB | ||